000 00622nam a22001697a 4500
003 OSt
005 20260408145036.0
008 260408b |||||||| |||| 00| 0 eng d
040 _cMRSPTU
041 _aEnglish
100 _aJashanpreet Kaur, Supervisor: Dr. Kawaljit Singh Sandhu
245 _aExploring Lentil and Cowpea Starches for Making Buccal Films: Characterization and In Vitro Drug Release Property
260 _bDepartment of Food Science & Technology, MRSPTU, Bathinda
_c2020
650 _aFood Science and Technology
856 _uhttp://163.47.215.52:8080/jspui/handle/123456789/482
942 _2ddc
_cTH
_n0
999 _c11399
_d11399